ბათუმის შოთა რუსთაველის სახელმწიფო უნივერსიტეტის ბიბლიოთეკა

ქართველი რომანტიკოსები : (ბიბ.ჩანაწერი № 59108)

000 -ლიდერი
ფიქსირებული სიგრძის საკონტროლო ველი 01357nam a22002057a 4500
003 - საკონტროლო ნომრის იდენტიფიკატორი
საკონტროლო ველი Ge_BSU
005 - ბოლო ოპერაციის თარიღი და დრო
საკონტროლო ველი 20221125152321.0
008 - ფიქსირებული სიგრძის მონაცემთა ელემენტები - ზოგადი ინფორმაცია
ფიქსირებული სიგრძის საკონტროლო ველი 221125s1978ge xxu||||| |||| 00| 0 geo d
041 ## - ენის კოდი
Language code of text/sound track or separate title geo
080 ## - უნივერსალური ათობითი კლასიფიკაციის ინდექსი
Universal Decimal Classification number 821.353.1-1 ქ-27
245 ## - ცნობა სათაურის შესახებ
Title ქართველი რომანტიკოსები :
Remainder of title ლექსები /
Statement of responsibility, etc ალექსანდრე ჭავჭავაძე, გრიგოლ ორბელიანი, ნიკოლოზ ბარათაშვილი ; შემდგ., შენიშვნების და კომენტარების ავტ. ნ. ალანია და ი. ლოლაშვილი ; შესავალი წერილის ავტ. ს. ხუციშვილი
264 ## - წარმოების, გამოცემის, დისტრიბუციის და სხვა ცნობები
გამოცემის, წარმოების, დისტრიბუციის... ადგილი თბილისი,
გამოცემის, წარმოების, დისტრიბუციის... თარიღი 1978.
300 ## - ფიზიკური აღწერა
Extent 255 გვ. ;
Other physical details 21 სმ.
440 ## - სერიის ცნობა / დამატებულია ჩანაწერი - სათაური
Title მსოფლიო ლიტერატურის ბიბლიოთეკა ; ტ. 62
9 (RLIN) 16111
653 ## - INDEX TERM--UNCONTROLLED
Uncontrolled term რომანტიზმი ქართული ლიტერატურა.
700 ## - ADDED ENTRY--PERSONAL NAME
Personal name ალანია, ნ
Relator term ავტორი
9 (RLIN) 16112
700 ## - ADDED ENTRY--PERSONAL NAME
Personal name ლოლაშვილი, ი
Relator term ავტორი
9 (RLIN) 7349
700 ## - ADDED ENTRY--PERSONAL NAME
Personal name ხუციშვილი, ს.
Relator term შესავალი წერილის ავტორი
9 (RLIN) 13559
942 ## - ADDED ENTRY ELEMENTS (KOHA)
Source of classification or shelving scheme
Koha item type წიგნი
ეგზემპლარები
ჩამოწერის სტატუსი დაკარგული ეგზემპლარის სტატუსი კლასიფიკაციის წყარო ან თაროზე გაწყობის სქემა დაზიანების სტატუსი არ გაიცემა მუდმივი მდებარეობა (დაცვის ადგილი) ამჟამინდელი ადგილსამყოფელი თაროზე განთავსების ადგილი შეძენის თარიღი ღირებულება, შესყიდვის ნორმალური ფასი სრული შენახვის შიფრი შტრიხკოდი ბოლო ოპერაციის თარიღი ეგზემპლარის მიმდევრობითი ნომერი (კეტერი?) ფასის ძალაში შესვლის თარიღი ეგზემპლარის სახეობა საჯარო შენიშვნა
          ბათუმის შოთა რუსთაველის სახელმწიფო უნივერსიტეტის მთავარი ბიბლიოთეკა ბათუმის შოთა რუსთაველის სახელმწიფო უნივერსიტეტის მთავარი ბიბლიოთეკა წიგნსაცავი 2022-11-25 10.00 821.353.1-1 ქ-27 63179 2022-11-25 63179 2022-11-25 წიგნი 10.00